Pacientovo pojetí nemoci II. /

Hlavní autor: Mareš, Jiří, 1942-2026
Další autoři: Vachková, Eva
Jazyk: Čeština
Vydáno: Brno : MSD, 2010
Témata:
Externí odkaz: Digitalizovaný dokument
Fyzický popis: 171 s. : il. ; 21 cm
Knihy
Uloženo v:
LEADER 01994nam a2200529 a 4500
001 nkc20112180596
003 CZ PrNK
005 20110511102420.0
007 ta
008 110404s2010 xr a f 001 0 cze
015 |a cnb002180596 
020 |a 978-80-7392-150-7  |q (brož.) 
035 |a (OCoLC)730408740 
040 |a BOA001  |b cze  |d OLA001 
072 7 |a 616  |x Patologie. Klinická medicína  |2 Konspekt  |9 14 
080 |a 616-092.11  |2 MRF 
080 |a 616.1/.9  |2 MRF 
080 |a 159.9  |2 MRF 
080 |a 616-052  |2 MRF 
080 |a 316.64  |2 MRF 
080 |a (048.8:082)  |2 MRF 
100 1 |a Mareš, Jiří,  |d 1942-2026  |7 jk01080192  |4 aut 
245 1 0 |a Pacientovo pojetí nemoci II. /  |c Jiří Mareš, Eva Vachková a kol. 
260 |a Brno :  |b MSD,  |c 2010 
300 |a 171 s. :  |b il. ;  |c 21 cm 
500 |a Anglicko-český terminologický slovník 
500 |a Část. tištěno napříč 
500 |a 500 výt. 
504 |a Obsahuje bibliografie, bibliografické odkazy a rejstřík 
650 0 7 |a zdraví a nemoc  |7 ph158519  |2 czenas 
650 0 7 |a nemoc  |7 ph123211  |x psychologické aspekty  |2 czenas 
650 0 7 |a pacienti  |7 ph123901  |2 czenas 
650 0 7 |a názory a postoje  |7 ph137634  |2 czenas 
650 0 9 |a health and disease  |2 eczenas 
650 0 9 |a disease  |x psychological aspects  |2 eczenas 
650 0 9 |a patients  |2 eczenas 
650 0 9 |a views and attitudes  |2 eczenas 
655 7 |a kolektivní monografie  |7 fd501537  |2 czenas 
655 9 |a collective monographs  |2 eczenas 
700 1 |a Vachková, Eva  |7 mzk2008443031  |4 aut 
856 4 1 |u https://www.digitalniknihovna.cz/mzk/uuid/uuid:03902570-8474-11e6-88c5-005056827e52  |y Digitalizovaný dokument  |x NDK 
910 2 |a BOA001  |b 2-1265.399 
990 |a BK 
995 |a 01 
991 |b 201105  |c NOV  |j 616 MAR  |e n 
996 6 |b 2610476294  |c 2-1265.399  |l MZK  |r Sklad / do 1 hodiny  |n 0  |p p.v.  |w 001176202  |u 000010  |a 1  |e BOA001  |j MZK50  |s P 
996 7 |b 2610476295  |c 2-1265.399  |l MZK  |r Sklad / do 1 hodiny  |n 8  |p p.v.  |w 001176202  |u 000020  |a 1  |e BOA001  |j MZK50  |s A